500 ejercicios graduados de Latín.
Gespeichert in:
| 1. Verfasser: | |
|---|---|
| Format: | keine Angabe |
| Sprache: | Spanisch Latein |
| Erschienen: |
Vitoria
Efrén Yániz García
1969
|
| Ausgabe: | 8ª |
| Katalog: | MANES: Suchergebnis im Bibliothekskatalog |
| Schulbuchspezifische Eigenschaften: |
|
| Tags: |
Tag hinzufügen
Keine Tags, Fügen Sie den ersten Tag hinzu!
|
| Hinzugefügt zu: | 26.04.2016 |
| Geändert in: | 07.05.2025 |
MARC
| LEADER | 000000000a22000000004500 | ||
|---|---|---|---|
| 001 | 11665 | ||
| 003 | OSt | ||
| 005 | 20250507134335.0 | ||
| 008 | 160427s sp ||||| |||| 00| 0 spa d | ||
| 040 | |c centro_manes | ||
| 041 | 1 | |a spa |a lat | |
| 561 | |5 es-BUNED |3 LT 1239 |a España. Fondo Manes UNED |k MANES | ||
| 691 | 0 | |a SE | |
| 100 | 1 | |a Yániz García, E. Autor |9 6801 | |
| 245 | 0 | 0 | |a 500 ejercicios graduados de Latín. |
| 250 | |a 8ª | ||
| 260 | 3 | |a Vitoria |b Efrén Yániz García |c 1969 | |
| 300 | |a 183 p. |c 21 x 15 cm | ||
| 500 | |a Reválida de Grado Elemental. | ||
| 690 | 0 | |a LC | |
| 942 | |2 ddc |c BK | ||
| 546 | |a España | ||
| 999 | |c 17639 |d 17639 | ||
| 999 | |c manes:17639 |d 17639 | ||